Leipzig - Choix Multiple - Statistiques

Statistiques générales
  • Ce quiz a été pris 18 fois
    13 depuis la dernière actualisation
  • Le résultat moyen est 6 sur 10
Statistiques - réponses
Question Réponse % Correct
Quel groupe de métal allemand dont le chanteur Till Lindemann, est né à Leipzig ? Rammstein
91%
Il y a plusieurs collines artificielles à Leipzig et ses environs. Avec quoi ont-elles été crée ? Ce sont les gravats et débrit des bâtiments détruit par les bombardements alliés pendant la Seconde Guerre Mondiale
82%
Musicien allemand né à Leipzig, créateur de l'orchestre du Gewandhaus de Leipzig Jean-Sébastien Bach
82%
Dans quel Land allemand se situe Leipzig Saxe
64%
Quel empire du nord, en plein expansion territoire, a combattu contre ce Land lors de la Grande guerre du Nord ? Empire Suédois
45%
Durant quelle période a eu lieu la bataille des Nations ? Guerres napoléoniennes
45%
Quel championnat mondial Leipzig a-t-elle organisé en 2025 en remplacement de Tel-Aviv ? Gymnastique
45%
Quelle image ne provient pas de Leipzig ?
36%
En plus d'être l'une des plus anciennes d'Allemagne, quelle est la particularité de l'université de Leipzig ? Elle est composée en grande partie de verre
36%
Nom des habitants de la ville Lipsien, -enne
36%
Aucun quiz correspondant
Distribution des résultats
% des personnes avec chaque résultat
Percentile par nombre de réponses
Votre historique - résultats
Vous n’avez pas pris ce quiz depuis la dernière actualisation